000 00483nam a22001817a 4500
003 MPLRDC
005 20220104123951.0
008 210129b ||||| |||| 00| 0 eng d
082 _a177 BUR v.1
100 _aHAROLD ERNEST BURTT
245 _a应用心理学. 一
_c张肖松译
250 _a初版
260 _a
_b中华文化出版事业委员
_c1958
300 _b
490 _a现代国民基本知识丛书. 5
650 _a应用心理学
942 _cBK
_o177 BUR v.1
999 _c15594
_d15584